Μύρα και δάκρυα ; ; ο πρωτομάρτυς

Αποθηκεύτηκε σε:
Λεπτομέρειες βιβλιογραφικής εγγραφής
Κύριος συγγραφέας: Νικολαΐδης, Μελής, 1893-1979
Μορφή: Βιβλίο
Γλώσσα:Greek
Δημοσίευση: Κύπρος : [χ.ό.], 1945
Θέματα:
Ετικέτες: Προσθήκη ετικέτας
Δεν υπάρχουν, Καταχωρήστε ετικέτα πρώτοι!

MARC

LEADER 00000cam a2200000 i 4500
001 1/19561
008 120515s1945 gre d
035 |l 10112476 
040 |a GR-MY-UA  |b gre  |e aacr 
041 0 |a gre 
082 0 |a 889.3  |2 (22) 
100 1 |a Νικολαΐδης, Μελής,   |d 1893-1979. 
245 1 0 |a Μύρα και δάκρυα ; ; ο πρωτομάρτυς /  |c Μελή Νικολαϊδη 
260 |a Κύπρος :   |b [χ.ό.],   |c 1945 
300 |a 109 σ.;  |c 19 εκ. 
500 |a Με: Ο πρωτομάρτυς 
500 |a Το τεκμήριο περιλαμβάνει και τα δύο έργα μαζί 
650 0 0 |a Greek literature, Modern  |z Cyprus. 
740 0 2 |a ο πρωτομάρτυς 
852 |a INST  |b RHODES  |e 20120515  |h 889.3 ΝΙΚ  |p 005400034389  |q 005400034389  |t BK  |y 0 
901 |a BIBL4-2012-2 
909 |a Ρ  |b 171026 
922 |a 4ΕΛΗ 
970 |z 2012/05/15